[Event "Superclub Championship • Below 1800"]
[Site "SchemingMind.com"]
[Date "2017.03.12"]
[Round "-"]
[White "JimM"]
[Black "Aba"]
[Result "0-1"]
[WhiteCountry "USA"]
[BlackCountry "ISR"]
[WhiteElo "1609"]
[WhiteRD "85"]
[BlackElo "1801"]
[BlackRD "75"]
[GameID "411649"]

1. d4 Nf6 2. g4 Nxg4 3. e4 d6 4. Be2 g6 5. Bxg4 f5 6. exf5 gxf5 7. Bh5+ Kd7 8. Qf3 e6 9. Nc3 a6 10. Nh3 h6
11. Be3 d5 12. O-O-O Nc6 13. Na4 b6 14. Nf4 Bd6 15. Rhg1 Ne7 16. Rde1 Rg8 17. Bf7 Rxg1 18. Rxg1 Qf8 19. Bxe6+ Ke8 20. Qh5+ Kd8
21. Nc3 Bxf4 22. Bxd5 Bxe3+ 23. fxe3 Nxd5 24. Nxd5 Be6 25. Nc3 Kc8 26. Qf3 Kb8 27. e4 f4 28. Rf1 Ka7 29. Qxf4 Qxf4+ 30. Rxf4 Re8
31. Rf6 h5 32. Rh6 Bg4 33. Rh7 Kb7 34. Nd5 Rxe4 35. Nxc7 Kc6 36. Nxa6 Rxd4 37. c3 Rd1+ 38. Kc2 Rh1 39. Nb4+ Kc5 40. a4 Rxh2+
41. Kb3 Rh1 42. Nd3+ Kd6 43. Nf2 Be6+ 44. Kb4 Rb1 45. Ne4+ Ke5 46. Kb5 Rxb2+ 47. Ka6 Kxe4 48. Rxh5 Kd3 49. Rh6 Bc4+ 50. Ka7 b5
51. Rh3+ Ke4 52. a5 Ra2 53. a6 b4 54. cxb4 Rxa6+ 55. Kb7 Ra4 56. Rh4+ Kd3 57. b5 Bd5+ 58. Kb6 Rxh4
0-1

[Event "Superclub Championship • Below 1800"]
[Site "SchemingMind.com"]
[Date "2017.03.12"]
[Round "-"]
[White "Aba"]
[Black "JimM"]
[Result "1-0"]
[WhiteCountry "ISR"]
[BlackCountry "USA"]
[WhiteElo "1772"]
[WhiteRD "82"]
[BlackElo "1637"]
[BlackRD "83"]
[GameID "411650"]

1. e4 e5 2. Nf3 Nc6 3. Bb5 a6 4. Ba4 Nf6 5. O-O Bc5 6. Re1 Ng4 7. Re2 Nd4 8. Nxd4 Bxd4 9. h3 Nxf2 10. Rxf2 Bxf2+
11. Kxf2 Qh4+ 12. Kg1 Qxe4 13. Nc3 Qd4+ 14. Kh1 O-O 15. Qf3 c5 16. d3 d6 17. Be3 Qb4 18. Bb3 Qh4 19. Ne4 Qe7 20. Bd5 Rb8
21. Bg5 Qd7 22. Rf1 Kh8 23. Qh5 f6 24. Nxf6
1-0

[Event "Superclub Championship • Below 1800"]
[Site "SchemingMind.com"]
[Date "2017.03.13"]
[Round "-"]
[White "Gaëtan Emond"]
[Black "Holty"]
[Result "0-1"]
[WhiteCountry "CAN"]
[BlackCountry "ENG"]
[WhiteElo "1577"]
[WhiteRD "84"]
[BlackElo "1698"]
[BlackRD "61"]
[GameID "411652"]

1. d4 e6 2. e4 d5 3. e5 c5 4. c3 Nc6 5. Bb5 Bd7 6. Nf3 Nxe5 7. Bxd7+ Nxd7 8. O-O Ngf6 9. Bg5 Be7 10. Nbd2 O-O
11. Re1 Rc8 12. dxc5 Nxc5 13. Nd4 a6 14. b4 Ncd7 15. Qb3 h6 16. Bh4 Re8 17. f3 Nf8 18. a3 Ng6 19. Bg3 Nh5 20. Bf2 Nhf4
21. c4 Nh4 22. Bxh4 Bxh4 23. g3 g5 24. gxh4 gxh4 25. c5 Qg5+ 26. Kf2 Kh8 27. Qc3 e5 28. Re3 Qg2+ 29. Ke1 Qg1+ 30. Nf1 Ng2+
31. Kd2 Nxe3 32. Nxe3 Qxh2+ 33. Kc1 exd4 34. Qxd4+ Qe5 35. Qxe5+ Rxe5 36. Ng4 Re1+ 37. Kb2 Rxa1 38. Kxa1 Kg7 39. Kb2 Re8 40. Kc3 f5
41. Nh2 Re2 42. Nf1 Re1 43. Nh2 Rh1 44. a4 Rxh2 45. b5 axb5 46. c6 bxc6 47. a5 Ra2 48. Kb4 h3
0-1

[Event "Superclub Championship • Below 1800"]
[Site "SchemingMind.com"]
[Date "2017.03.13"]
[Round "-"]
[White "Holty"]
[Black "Gaëtan Emond"]
[Result "0-1"]
[WhiteCountry "ENG"]
[BlackCountry "CAN"]
[WhiteElo "1698"]
[WhiteRD "61"]
[BlackElo "1577"]
[BlackRD "84"]
[GameID "411653"]

1. d4 f5 2. Bg5 h6 3. Bh4 g5 4. Bg3 Nf6 5. e3 Bg7 6. h4 g4 7. Bd3 d6 8. Nd2 Nh5 9. Bh2 Nc6 10. a3 Be6
11. Ne2 Nf6 12. Nf4 Qd7 13. c4 Bf7 14. b4 e5 15. Ne2 h5 16. d5 Ne7 17. g3 O-O 18. e4 fxe4 19. Nxe4 Nxe4 20. Bxe4 Bg6
21. Bxg6 Nxg6 22. Ra2 Qf5 23. O-O e4 24. Nd4 Bxd4 25. Qxd4 Ne5 26. Qe3 Nf3+ 27. Kh1 Ne5 28. Rc2 Qf3+ 29. Qxf3 exf3 30. Rd1 Rae8
31. Rcc1 Rf7 32. Kg1 Nd7 33. Rd4 Rfe7 34. Rdd1 Nb6 35. Kf1 Re2 36. Re1 Rxe1+ 37. Rxe1 Rxe1+ 38. Kxe1 Nxc4 39. a4 Nb6 40. Kd2 Nxd5
41. b5 Nb6
0-1

[Event "Superclub Championship • Below 1800"]
[Site "SchemingMind.com"]
[Date "2017.03.13"]
[Round "-"]
[White "Ronald R. Nurmi"]
[Black "abuteague"]
[Result "1-0"]
[WhiteCountry "USA"]
[BlackCountry "USA"]
[WhiteElo "1769"]
[WhiteRD "93"]
[BlackElo "1640"]
[BlackRD "71"]
[GameID "411682"]

1. d4 d6 2. Nf3 Nf6 3. c4 e6 4. Nc3 Be7 5. e4 O-O 6. Bd3 Nc6 7. O-O e5 8. d5 Nd4 9. Nxd4 exd4 10. Nb5 Bg4
11. f3 Bd7 12. Nxd4 Bc8 13. Bg5 h6 14. Bh4 Bd7 15. b4 b6 16. b5 Nh5 17. Bf2 Bh4 18. Bxh4 Qxh4 19. Rf2 Nf4 20. Bf1 Qg5
21. g3 Nh3+ 22. Bxh3 Bxh3 23. Ne2 h5 24. Nf4 Bd7 25. Ng2 h4 26. Nxh4 f6 27. f4 Qh6 28. f5 Be8 29. Rf4 Kf7 30. Ng6 Bd7
31. Nxf8 Rxf8 32. Qg4 Rh8 33. Qh4 Qxh4 34. Rxh4 Rxh4 35. gxh4 Kg8 36. Re1 Be8 37. Re3
1-0

[Event "Superclub Championship • Below 1800"]
[Site "SchemingMind.com"]
[Date "2017.03.13"]
[Round "-"]
[White "abuteague"]
[Black "Ronald R. Nurmi"]
[Result "1-0"]
[WhiteCountry "USA"]
[BlackCountry "USA"]
[WhiteElo "1640"]
[WhiteRD "71"]
[BlackElo "1769"]
[BlackRD "93"]
[GameID "411683"]

1. d4 d5 2. c4 c6 3. Nf3 Nf6 4. e3 Bg4 5. h3 Bxf3 6. Qxf3 e6 7. Bd3 Nbd7 8. O-O Bd6 9. Nc3 O-O 10. c5 Bc7
11. Ne2 e5 12. dxe5 Bxe5 13. Rb1 Nxc5 14. Bc2 Nce4 15. Bxe4 Nxe4 16. b3 Qc7 17. b4 a6 18. Nd4 Rad8 19. Bb2 Rfe8 20. Rbd1 b6
21. Qg4 g6 22. Rc1 c5 23. bxc5 bxc5 24. Ba1 h5 25. Qd1 Qa5 26. Nc6 Bh2+ 27. Kh1 Qc7 28. Nxd8 Rxd8 29. Qc2 Bd6 30. Qb2 f6
31. Kg1 Be5 32. Qa3 Qc6 33. Bxe5 fxe5 34. f3 Nf6 35. Rxc5 Qb6 36. Rfc1 Kg7 37. Rc6 Qb5 38. Qxa6
1-0

[Event "Superclub Championship • Below 1800"]
[Site "SchemingMind.com"]
[Date "2017.03.14"]
[Round "-"]
[White "Carl Lenox"]
[Black "Greg Magne"]
[Result "0-1"]
[WhiteCountry "CAN"]
[BlackCountry "CAN"]
[WhiteElo "1195"]
[WhiteRD "79"]
[BlackElo "1765"]
[BlackRD "77"]
[GameID "411690"]

1. e4 e5 2. Nf3 Nc6 3. Bb5 a6 4. Ba4 Nf6 5. O-O Be7 6. Re1 O-O 7. a3 b5 8. Bb3 d6 9. d3 Bb7 10. Ba2 Nb8
11. b4 Nbd7 12. c3 c5 13. Bb2 Qc7 14. Nbd2 d5 15. c4 bxc4 16. dxc4 dxe4 17. Nxe4 Bxe4 18. b5 Bxf3 19. Qxf3 e4 20. Qe2 Ne5
21. Rad1 Rfe8 22. Qe3 Nd3 23. Re2 axb5 24. g3 b4 25. Bxf6 gxf6 26. Qxe4 Ne5 27. Bb1 Ng6 28. axb4 cxb4 29. Ba2 Ra3 30. Rd3 Rea8
31. Bb3 Bf8 32. Qf5 Qc6 33. Qf3 Qxf3 34. Rxf3 Ne5 35. Rfe3 Bh6 36. f4 Nc6 37. c5 Nd4
0-1

[Event "Superclub Championship • Below 1800"]
[Site "SchemingMind.com"]
[Date "2017.03.14"]
[Round "-"]
[White "Greg Magne"]
[Black "Carl Lenox"]
[Result "1-0"]
[WhiteCountry "CAN"]
[BlackCountry "CAN"]
[WhiteElo "1812"]
[WhiteRD "78"]
[BlackElo "1179"]
[BlackRD "76"]
[GameID "411691"]

1. e4 c5 2. Nf3 g6 3. d4 cxd4 4. Nxd4 Bg7 5. Be3 Nf6 6. Nc3 d6 7. Qd2 Qd7 8. O-O-O Nc6 9. Bc4 e6 10. f3 O-O
11. g4 Ne5 12. Bb3 Nfxg4 13. fxg4 Nxg4 14. Kb1 Nxe3 15. Qxe3 e5 16. Nf3 Re8 17. h4 a6 18. h5 b5 19. hxg6 Bb7 20. gxf7+
1-0

[Event "Superclub Championship • Below 1800"]
[Site "SchemingMind.com"]
[Date "2017.03.14"]
[Round "-"]
[White "wight knight"]
[Black "pengle"]
[Result "0-1"]
[WhiteCountry "ENG"]
[BlackCountry "USA"]
[WhiteElo "1364"]
[WhiteRD "63"]
[BlackElo "1638"]
[BlackRD "95"]
[GameID "411692"]

1. e4 c5 2. Bc4 e6 3. d3 Nc6 4. c3 a6 5. Nf3 Be7 6. Bg5 h6 7. Bxe7 Qxe7 8. b4 cxb4 9. cxb4 Qxb4+ 10. Qd2 Qd6
11. e5 Qc7 12. O-O b5 13. Bb3 Nge7 14. d4 Bb7 15. Nc3 O-O 16. g4 Nd8 17. Bd1 Rc8 18. a4 Qxc3 19. Qxc3 Rxc3 20. axb5 axb5
21. Rb1 Bxf3 22. Bxf3 Rxf3 23. Rxb5 Ndc6 24. Rb7 Rd8 25. h4 Nxd4 26. g5 Nef5 27. gxh6 gxh6 28. h5 Kh7 29. Rbb1 Rg8+ 30. Kh2 Rg5
31. Rb7 Rxh5+ 32. Kg2 Rf4 33. f3 Nh4+ 34. Kg3 Ne2+ 35. Kf2 Rxe5 36. Rxd7 Nxf3 37. Rh1 Nh4+ 38. Ke1 Ng3+ 39. Kd2 Nxh1 40. Kc3 Re3+
41. Kd2 Ng2 42. Kd1 Rf2 43. Rd2 Rxd2+ 44. Kxd2 Nf2 45. Kc2 Rd3 46. Kc1 e5 47. Kb2 e4 48. Kc1 e3 49. Kb2 e2 50. Kc2 e1=Q
51. Kb2 Qe2+ 52. Kc1 Rd1#
0-1

[Event "Superclub Championship • Below 1800"]
[Site "SchemingMind.com"]
[Date "2017.03.14"]
[Round "-"]
[White "pengle"]
[Black "wight knight"]
[Result "1-0"]
[WhiteCountry "USA"]
[BlackCountry "ENG"]
[WhiteElo "1638"]
[WhiteRD "95"]
[BlackElo "1364"]
[BlackRD "63"]
[GameID "411693"]

1. d4 d5 2. e3 Nf6 3. Bd3 g6 4. Nd2 a5 5. a4 Bg4 6. Be2 Bxe2 7. Nxe2 Bh6 8. O-O Ne4 9. Nb3 b6 10. Qd3 c6
11. f3 f5 12. fxe4 dxe4 13. Qc3 Nd7 14. d5 Bg7 15. Qxg7 Rf8 16. Rd1 Rf7 17. Qc3 c5 18. Nf4 Rf6 19. Nd2 Qc8 20. Nc4 h5
21. b3 g5 22. Nxh5 Rh6 23. Ng7+ Kf7 24. Nxf5 Rh7 25. Nfd6+ exd6 26. Nxd6+ Ke7 27. Nxc8+ Rxc8 28. Bb2 g4 29. d6+ Kd8 30. Rf1 Rc6
31. Rad1 c4 32. bxc4 Rc5 33. Qd4 Rch5 34. Kf2 Rxh2 35. Qxe4 Rf7+ 36. Ke2 g3 37. Rxf7
1-0

[Event "Superclub Championship • Below 1800"]
[Site "SchemingMind.com"]
[Date "2017.04.06"]
[Round "-"]
[White "Erik Johnson"]
[Black "ArtistDude"]
[Result "0-1"]
[WhiteCountry "USA"]
[BlackCountry "USA"]
[WhiteElo "1666"]
[WhiteRD "74"]
[BlackElo "1682"]
[BlackRD "124"]
[GameID "412552"]

1. e4 d6 2. d4 Nf6 3. Nc3 g6 4. Nf3 Bg7 5. Be3 c6 6. Bd3 Nbd7 7. O-O e5 8. Bc4 O-O 9. dxe5 dxe5 10. Bg5 b5
11. Bd3 b4 12. Ne2 a5 13. a4 Qc7 14. b3 Bb7 15. Nd2 Nc5 16. Bc4 Nfxe4 17. Nxe4 Nxe4 18. Be3 Rad8 19. Qc1 c5 20. Rd1 Nd6
21. Bd5 Nf5 22. Bxb7 Qxb7 23. Rxd8 Rxd8 24. Bxc5 Bh6 25. Qe1 Nh4 26. Qf1 Rd2 27. Be3 Bxe3 28. fxe3 Qxg2+ 29. Qxg2 Nxg2 30. Kxg2 Rxe2+
31. Kg3 Rxe3+ 32. Kf2 Rc3 33. Rc1 Kg7 34. Ke2 f5 35. Kd2 Rh3 36. Rh1 e4 37. Ke2 Kf6 38. Kf2 Ke5 39. Kg2 Rc3 40. Rc1 f4
41. Kf2 g5 42. Ke2 h5 43. Kf2 Rh3 44. Kg2 g4 45. Rd1 f3+ 46. Kg1 Kf4 47. Rd5 Ke3 48. Rxa5 Ke2 49. Re5 f2+
0-1

[Event "Superclub Championship • Below 1800"]
[Site "SchemingMind.com"]
[Date "2017.04.07"]
[Round "-"]
[White "ArtistDude"]
[Black "Erik Johnson"]
[Result "1-0"]
[WhiteCountry "USA"]
[BlackCountry "USA"]
[WhiteElo "1682"]
[WhiteRD "124"]
[BlackElo "1666"]
[BlackRD "74"]
[GameID "412553"]

1. e4 d5 2. exd5 Qxd5 3. Nc3 Qa5 4. d4 c6 5. Nf3 Bg4 6. h3 Bh5 7. g4 Bg6 8. Ne5 Nf6 9. Nc4 Qd8 10. Bg5 Nd5
11. f4 h6 12. f5 Bxf5 13. Bd2 Nxc3 14. Bxc3 Be4 15. Rh2 Qc7 16. Qe2 Qg3+ 17. Qf2 Qxf2+ 18. Rxf2 e6 19. Ne5 Nd7 20. Nxf7 Rg8
21. O-O-O Nf6 22. Nxh6 gxh6 23. Rxf6 Bd5 24. Kb1 O-O-O 25. Ba5 b6 26. Ba6+ Kb8 27. Bd2 Rh8 28. Bf4+ Ka8 29. Rf7 Bd6 30. Bxd6 Rxd6
31. Be2 Rdd8 32. Rg1 e5 33. Re7 exd4 34. Bd3 c5 35. Rge1 Bg2 36. Bf5 Bxh3 37. Rg7 h5 38. Ree7
1-0

[Event "Superclub Championship • Below 1800"]
[Site "SchemingMind.com"]
[Date "2017.04.07"]
[Round "-"]
[White "roscoe"]
[Black "newenglandbasselope"]
[Result "1-0"]
[WhiteCountry "USA"]
[BlackCountry "USA"]
[WhiteElo "1289"]
[WhiteRD "85"]
[BlackElo "1458"]
[BlackRD "66"]
[GameID "412612"]

1. Nf3 d6 2. d4 Bf5 3. Nc3 c6 4. e4 Bg4 5. Be2 Be6 6. d5 cxd5 7. exd5 Bd7 8. O-O Qb6 9. b3 e6 10. Be3 Qb4
11. Qd2 Nf6 12. a3 Qg4 13. Ng5 Qf5 14. dxe6 fxe6 15. a4 h6 16. Bd3 Qa5 17. Bg6+ Ke7 18. Nf7 d5 19. Nxh8 Ng4 20. Bd4 Nc6
21. Bh5 e5 22. Bxe5 Ncxe5 23. Nxd5+ Ke6 24. Qxa5 Nc6 25. Bxg4+ Kd6 26. Nf7#
1-0

[Event "Superclub Championship • Below 1800"]
[Site "SchemingMind.com"]
[Date "2017.04.07"]
[Round "-"]
[White "newenglandbasselope"]
[Black "roscoe"]
[Result "1-0"]
[WhiteCountry "USA"]
[BlackCountry "USA"]
[WhiteElo "1430"]
[WhiteRD "67"]
[BlackElo "1335"]
[BlackRD "85"]
[GameID "412613"]

1. d4 d5 2. e3 a6 3. Bd3 g6 4. Ne2 Nf6 5. O-O Bg7 6. f3 O-O 7. Nbc3 Nc6 8. Bd2 e5 9. a3 Re8 10. Na4 e4
11. fxe4 dxe4 12. Bc4 b5 13. Bb3 bxa4 14. Bxa4 Bd7 15. b3 Ne7 16. Bxd7 Nxd7 17. Ng3 Nd5 18. Qg4 Bh6 19. Nxe4 Bxe3+ 20. Kh1 Bxd2
21. Nxd2 Ne3 22. Qf3 Nxf1 23. Rxf1 c5 24. Qxf7+ Kh8 25. Qc4 Rf8 26. Nf3 Qe7 27. d5 Ne5 28. Qc3 h5 29. g3 Kh7 30. Qe3 Rxf3
31. Rxf3 Rf8 32. Rf4 Rxf4 33. Qxf4 Ng4 34. Kg2 Ne3+ 35. Kh3 Nxd5 36. Qf2 Qe6+ 37. Kg2 Qc8 38. Qf7+ Kh6 39. Qxd5 Qc7 40. h4 Qa5
41. a4 Qc3 42. Qe4 a5 43. Kh3 Qa1 44. Qe3+ Kg7 45. Qe7+ Kh6 46. Kg2 Qc3 47. Qf8+ Qg7 48. Qxc5 Qb7+ 49. Kh2
1-0

[Event "Superclub Championship • Below 1800"]
[Site "SchemingMind.com"]
[Date "2017.05.03"]
[Round "-"]
[White "Greg Magne"]
[Black "Ronald R. Nurmi"]
[Result "0-1"]
[WhiteCountry "CAN"]
[BlackCountry "USA"]
[WhiteElo "1767"]
[WhiteRD "71"]
[BlackElo "1735"]
[BlackRD "87"]
[GameID "413612"]

1. e4 d5 2. exd5 Qxd5 3. Nc3 Qd6 4. Nf3 Nf6 5. d4 c6 6. Bd3 Bg4 7. Be3 Nbd7 8. h3 Bh5 9. Qe2 e6 10. O-O-O Qc7
11. Kb1 Bb4 12. Ne4 O-O-O 13. a3 Be7 14. c4 Nb6 15. Neg5 h6 16. g4 hxg5 17. gxh5 Nxh5 18. h4 g4 19. Ng5 Bxg5 20. Bxg5 Rxd4
21. Be3 Rd7 22. Bc2 f5 23. Rxd7 Nxd7 24. Rd1 Nhf6 25. Bg5 Qe5 26. Qd2 Rd8 27. Bf4 Qc5 28. Be3 Qe7 29. Bxa7 b6 30. c5 Qxc5
31. Bb3 Kb7 32. Bxb6 Kxb6 33. Bxe6 Qe5 34. Bc4 Kc7 35. Re1 Qc5 36. Be6 Re8 37. b4 Qd6
0-1

[Event "Superclub Championship • Below 1800"]
[Site "SchemingMind.com"]
[Date "2017.05.04"]
[Round "-"]
[White "Ronald R. Nurmi"]
[Black "Greg Magne"]
[Result "0-1"]
[WhiteCountry "USA"]
[BlackCountry "CAN"]
[WhiteElo "1735"]
[WhiteRD "87"]
[BlackElo "1767"]
[BlackRD "71"]
[GameID "413613"]

1. d4 d5 2. Bf4 c5 3. e3 Nc6 4. c3 Nf6 5. Nd2 Bg4 6. Ne2 e6 7. h3 Bh5 8. Qb3 Qc8 9. Ng3 Bg6 10. Be2 Nd7
11. O-O f6 12. Rfe1 Be7 13. e4 e5 14. dxe5 fxe5 15. Bxe5 Ncxe5 16. exd5 Bf7 17. Bb5 O-O 18. Bxd7 Nxd7 19. c4 Bf6 20. Nde4 b6
21. Nxf6+ Nxf6 22. Qd3 Qd7 23. Re2 Bg6 24. Qd2 b5 25. b3 bxc4 26. bxc4 Rae8 27. Rae1 Rxe2 28. Rxe2 Qa4 29. Qc1 Bd3
0-1

[Event "Superclub Championship • Below 1800"]
[Site "SchemingMind.com"]
[Date "2017.05.16"]
[Round "-"]
[White "ArtistDude"]
[Black "Gaëtan Emond"]
[Result "0-1"]
[WhiteCountry "USA"]
[BlackCountry "CAN"]
[WhiteElo "1682"]
[WhiteRD "124"]
[BlackElo "1665"]
[BlackRD "80"]
[GameID "414039"]

1. e4 e5 2. f4 d5 3. exd5 Qxd5 4. Nc3 Qc5 5. Qe2 Nc6 6. fxe5 Be6 7. Nf3 O-O-O 8. d3 Nd4 9. Nxd4 Qxd4 10. Qe4 Qb6
11. b3 Bc5 12. Ne2 Ne7 13. Bg5 Bf2+ 14. Kd2 Bf5 15. Qc4 Nd5 16. d4 f6 17. c3 fxg5 18. Ng3 Be3+ 19. Ke1 Bg6 20. Bd3 Bxd3
21. Qxd3 Bf4 22. Nh5 Bxe5 23. Qf5+ Kb8 24. Rc1 Rhe8 25. dxe5 Qe3+ 26. Kd1 Ne7+
0-1

[Event "Superclub Championship • Below 1800"]
[Site "SchemingMind.com"]
[Date "2017.05.16"]
[Round "-"]
[White "Gaëtan Emond"]
[Black "ArtistDude"]
[Result "0-1"]
[WhiteCountry "CAN"]
[BlackCountry "USA"]
[WhiteElo "1610"]
[WhiteRD "82"]
[BlackElo "1656"]
[BlackRD "117"]
[GameID "414040"]

1. d4 Nf6 2. c4 g6 3. Nc3 Bg7 4. e4 d6 5. Bd3 O-O 6. Nf3 Nbd7 7. O-O e5 8. d5 Re8 9. Bg5 c6 10. Rc1 Nf8
11. Nd2 h5 12. f4 Qb6+ 13. Kh1 Ng4 14. Qe2 exf4 15. Bxf4 Ne5 16. Na4 Qa5 17. Bc2 Bg4 18. Qe3 Nh7 19. b3 Rac8 20. dxc6 bxc6
21. Qf2 Be6 22. Be3 Ng4 23. Qf3 Be5 24. g3 Nxh2 25. Kxh2 h4 26. Bf4 Ng5 27. Qe2 Kg7 28. Bxe5+ Qxe5 29. Qe3 hxg3+ 30. Qxg3 Rh8+
31. Kg2 Bh3+ 32. Kf2 Qxg3+ 33. Kxg3 Bxf1 34. Rxf1 Rh3+ 35. Kf2 Re8 36. Nb2 Rh2+ 37. Ke1 Nxe4 38. Bxe4 d5 39. cxd5 cxd5 40. Rf2 Rxf2
41. Kxf2 dxe4 42. Ke3 f5 43. Nd1 Rd8 44. Ke2 Kf6 45. Nc4 f4 46. Nf2 Kf5 47. Nh3 g5 48. Nf2 g4 49. a3 g3 50. Nh3 Kg4
51. Ng1 f3+ 52. Ke3 f2 53. Ne5+ Kf5 54. Ne2 Kxe5 55. Nxg3 Rd3+ 56. Kxf2 Rxb3 57. a4 Ra3 58. Ne2 a5 59. Ke1 e3 60. Kd1 Ke4
61. Ke1 Ra1+
0-1

[Event "Superclub Championship • Below 1800"]
[Site "SchemingMind.com"]
[Date "2017.05.27"]
[Round "-"]
[White "pengle"]
[Black "Aba"]
[Result "1-0"]
[WhiteCountry "USA"]
[BlackCountry "ISR"]
[WhiteElo "1664"]
[WhiteRD "78"]
[BlackElo "1760"]
[BlackRD "74"]
[GameID "414414"]

1. d4 Nf6 2. e3 d5 3. Bd3 Bg4 4. Qd2 e6 5. h3 Bh5 6. c3 c5 7. Ne2 c4 8. Bc2 Bd6 9. O-O b5 10. b3 Nbd7
11. f3 h6 12. g4 Bg6 13. Bxg6 fxg6 14. Qc2 Nf8 15. Nd2 g5 16. bxc4 bxc4 17. e4 dxe4 18. fxe4 Qc7 19. e5 Bxe5 20. dxe5 Qxe5
21. Nxc4 Qc5+ 22. Ne3 Nd5 23. Qa4+ Nd7 24. Rf3 Kd8 25. Nd4 Qxc3 26. Nxd5 Qxa1 27. Qa5+ Ke8 28. Nc7+ Ke7 29. Qa3+ Kd8 30. Ndxe6+ Kc8
31. Qa6+ Kb8 32. Rb3+ Nb6 33. Rxb6+
1-0

[Event "Superclub Championship • Below 1800"]
[Site "SchemingMind.com"]
[Date "2017.05.27"]
[Round "-"]
[White "Aba"]
[Black "pengle"]
[Result "1-0"]
[WhiteCountry "ISR"]
[BlackCountry "USA"]
[WhiteElo "1760"]
[WhiteRD "74"]
[BlackElo "1664"]
[BlackRD "78"]
[GameID "414415"]

1. e4 c5 2. Nf3 d5 3. e5 e6 4. d4 cxd4 5. Nxd4 a6 6. Be3 Qc7 7. f4 Ne7 8. Na3 Nec6 9. c4 Bxa3 10. bxa3 dxc4
11. Bxc4 Bd7 12. O-O O-O 13. Rb1 b5 14. Bd3 g6 15. Be4 Rd8 16. Rc1 Be8 17. Rf2 Qa5 18. Rd2 Qxa3 19. Rd3 Qxa2 20. Nxc6 Rxd3
21. Qxd3 Nxc6 22. Bxc6 Bxc6 23. Rxc6 Kg7 24. h3 b4 25. Rb6 Qd5 26. Qxd5 exd5 27. Rxb4 a5 28. Ra4 h5 29. Bb6
1-0

[Event "Superclub Championship • Below 1800"]
[Site "SchemingMind.com"]
[Date "2017.06.27"]
[Round "-"]
[White "pengle"]
[Black "Ronald R. Nurmi"]
[Result "0-1"]
[WhiteCountry "USA"]
[BlackCountry "USA"]
[WhiteElo "1637"]
[WhiteRD "78"]
[BlackElo "1762"]
[BlackRD "86"]
[GameID "415686"]

1. d4 d5 2. e3 Nf6 3. Bd3 c5 4. dxc5 e5 5. Ne2 Bxc5 6. O-O O-O 7. c3 e4 8. Bc2 Bg4 9. Qe1 Nc6 10. Nf4 Rc8
11. Nd2 b5 12. b4 Bd6 13. Ne2 a6 14. Bb3 Be5 15. Nd4 Qc7 16. Bb2 Bxh2+ 17. Kh1 Be5 18. Rc1 Qd8 19. f3 exf3 20. N4xf3 Bc7
21. Bc2 Ne5 22. Nd4 Qd6 23. Kg1 Nd3 24. Bxd3 Qh2+
0-1

[Event "Superclub Championship • Below 1800"]
[Site "SchemingMind.com"]
[Date "2017.06.28"]
[Round "-"]
[White "Ronald R. Nurmi"]
[Black "pengle"]
[Result "1-0"]
[WhiteCountry "USA"]
[BlackCountry "USA"]
[WhiteElo "1762"]
[WhiteRD "86"]
[BlackElo "1637"]
[BlackRD "78"]
[GameID "415687"]

1. d4 e6 2. Bf4 Nf6 3. Nf3 b6 4. e3 Bb7 5. Bd3 Be7 6. h3 O-O 7. O-O c5 8. c3 d6 9. Qe2 Nbd7 10. e4 d5
11. e5 Ne4 12. Nbd2 Nxd2 13. Qxd2 Re8 14. Rac1 Nf8 15. Bb5 Nd7 16. Rfe1 a6 17. Bd3 Nf8 18. g4 b5 19. Kg2 Qb6 20. h4 Ng6
21. Be3 Nxh4+ 22. Nxh4 Bxh4 23. Rh1 Qd8 24. g5 Bxg5 25. Bxg5 f6 26. exf6 gxf6 27. Rxh7 Kf8 28. Rxb7 fxg5 29. Rh1 Qf6 30. Rhh7
1-0

[Event "Superclub Championship • Below 1800"]
[Site "SchemingMind.com"]
[Date "2017.09.07"]
[Round "-"]
[White "Gaëtan Emond"]
[Black "Ronald R. Nurmi"]
[Result "0-1"]
[WhiteCountry "CAN"]
[BlackCountry "USA"]
[WhiteElo "1546"]
[WhiteRD "80"]
[BlackElo "1737"]
[BlackRD "84"]
[GameID "418219"]

1. d4 d5 2. c4 c6 3. Nc3 Nf6 4. Bg5 dxc4 5. e4 b5 6. e5 Nd5 7. Nf3 h6 8. Bh4 Bf5 9. Be2 Qa5 10. Qd2 e6
11. O-O Bb4 12. Rac1 Nd7 13. a3 Be7 14. Bxe7 Nxe7 15. Nh4 Bh7 16. Bf3 Rc8 17. Ne4 Qxd2 18. Nxd2 O-O 19. Be4 Bxe4 20. Nxe4 c5
21. dxc5 Nxc5 22. Nd6 Rb8 23. Nf3 a6 24. Nd4 Ng6 25. Nc6 Rb6 26. Nb4 Nxe5 27. f4 Ned3 28. Nxd3 Nxd3 29. Nxc4 bxc4 30. Rxc4 Nxb2
31. Rc7 Na4 32. Ra7 Rc8 33. Rd1 Nc5 34. g3 Rb3 35. a4 Ra3 36. Kg2 Rxa4 37. Rd2 Ra1 38. h3 Rb8 39. g4 Rb7 40. Rd8+ Kh7
41. Raa8 Ne4 42. h4 Ra3 43. Kf1 Rb1+ 44. Ke2 Rb2+ 45. Ke1 Ra1+ 46. Rd1 Rxd1+ 47. Kxd1 Ra2 48. Ra7 Nf2+ 49. Ke1 Nxg4 50. Rxf7 e5
51. f5 Rh2 52. Ra7 Rxh4 53. Rxa6 e4 54. Ke2 Nf6 55. Ke3 Rh3+ 56. Ke2 Rb3 57. Re6 h5 58. Kf2 h4 59. Rd6 h3 60. Rd1 h2
61. Rh1 Ng4+ 62. Kg2 Kh6 63. Re1 e3 64. Kg3 Kg5 65. Kf3 Rb2
0-1

[Event "Superclub Championship • Below 1800"]
[Site "SchemingMind.com"]
[Date "2017.09.07"]
[Round "-"]
[White "Ronald R. Nurmi"]
[Black "Gaëtan Emond"]
[Result "1-0"]
[WhiteCountry "USA"]
[BlackCountry "CAN"]
[WhiteElo "1707"]
[WhiteRD "83"]
[BlackElo "1575"]
[BlackRD "78"]
[GameID "418220"]

1. d4 f5 2. Bf4 Nf6 3. e3 e6 4. Nf3 d6 5. h3 Ne4 6. Nbd2 Be7 7. c4 O-O 8. Bd3 c6 9. Nxe4 fxe4 10. Bxe4 d5
11. Bd3 Nd7 12. O-O Nf6 13. Re1 Ne4 14. Rc1 Bd6 15. Bxd6 Nxd6 16. Ne5 Ne4 17. Bxe4 dxe4 18. Qg4 Qf6 19. Rf1 b5 20. cxb5 cxb5
21. Rc7 h5 22. Qg6 Qxg6 23. Nxg6 Rf7 24. Rxf7 Kxf7 25. Ne5+ Kf6 26. Rc1 a5 27. a3 g6 28. g3 b4 29. axb4 axb4 30. Nc6 Ra2
31. Nxb4 Rxb2 32. Rxc8 Rxb4 33. Rc5 g5 34. Kg2 g4 35. Rxh5 gxh3+ 36. Kxh3 Rb2 37. Kg2 Kg6 38. Re5 Kf6 39. Rxe4 Kf5 40. Rf4+ Kg5
41. Kf3 Rc2 42. Ke4 e5 43. Kxe5 Rc6 44. d5 Rg6 45. d6 Kh6 46. Rf6 Kg7 47. Rxg6+ Kxg6 48. d7
1-0